MARC

LEADER 00000nam0a2200000 4500
001 291872
005 20231102000432.0
020 |a RU  |b 84-9964 
035 |a (RuTPU)RU\TPU\book\316463 
090 |a 291872 
100 |a 20150417d1984 k y0rusy5003 ca 
101 0 |a rus 
102 |a RU 
105 |a a z 001zy 
200 1 |a Атлас анизотропных спектров ЭПР азотокисных бирадикалов  |f А. И. Кокорин, В. Н. Пармон, А. А. Шубин  |g Академия наук СССР (АН СССР), Институт химической физики им. Н. Н. Семенова (ИХФ) 
210 |a Москва  |c Наука  |d 1984 
215 |a 102 с.  |c ил. 
320 |a Библиогр.: с. 12 
606 1 |a Радикалы свободные  |x Химия  |2 stltpush  |3 (RuTPU)RU\TPU\subj\70569  |9 84788 
610 1 |a анизотропные спектры 
610 1 |a ЭПР 
610 1 |a расчет 
610 1 |a азотокисные бирадикалы 
610 1 |a радикальные фрагменты 
610 1 |a влияние 
675 |a 54.024  |v 3 
700 1 |a Кокорин  |b А. И.  |g Александр Ильич 
701 1 |a Пармон  |b В. Н.  |g Валентин Николаевич 
701 1 |a Шубин  |b А. А.  |g Александр Александрович 
712 0 2 |a Академия наук СССР (АН СССР)  |b Институт химической физики им. Н. Н. Семенова (ИХФ)  |c (Москва)  |2 stltpush  |3 (RuTPU)RU\TPU\col\1482 
801 0 |a RU  |b RuMRKP  |c 19950704  |g psbo 
801 1 |a RU  |b 63413507  |c 20150417 
801 2 |a RU  |b 63413507  |c 20190219  |g RCR 
942 |c BK